[Event "EU-ch (Women) 24th"]
[Site "Rhodes"]
[Date "2024.04.23"]
[Round "5"]
[White "Saraci, Ndriqona"]
[Black "Esadze, Tamari"]
[Result "0-1"]
[WhiteElo "1660"]
[BlackElo "1965"]
[PlyCount "98"]
[EventDate "2024.04.19"]
[EventType "swiss"]
[EventRounds "10"]
[EventCountry "GRE"]
[SourceTitle "CB18_2024"]
[SourceDate "2024.05.01"]
[SourceVersion "1"]
[SourceVersionDate "2024.05.01"]
[SourceQuality "2"]

1. e4 c5 2. Nf3 d6 3. Nc3 Nf6 4. e5 dxe5 5. Nxe5 Bd7 6. Bc4 e6 7. 0-0 Bd6 8. Nxd7 Qxd7 9. Bb5 Nc6 10. Re1 0-0 11. Ne4 Nxe4 12. Rxe4 f5 13. Bxc6 Qxc6 14. Rh4 Rf6 15. d3 f4 16. Qf3 Qxf3 17. gxf3 Rf5 18. Bd2 h5 19. Kh1 Kf7 20. Re1 Rh8 21. Re4 g5 22. Rh3 e5 23. Bc3 Kg6 24. Kg1 Rd8 25. Kf1 Bc7 26. Ke2 Rd5 27. a3 Rf8 28. Ra4 a6 29. Re4 Re8 30. Kf1 Bd8 31. Ke2 g4 32. Rxh5 Kxh5 33. fxg4+ Kxg4 34. h3+ Kf5 35. Kf3 Bf6 36. Re1 Rh8 37. Rh1 Rd7 38. Ba5 Rdh7 39. Kg2 f3+ 40. Kg3 Bg5 41. Kxf3 Rxh3+ 42. Rxh3 Rxh3+ 43. Ke2 Rh1 44. Bb6 Rc1 45. c3 Rc2+ 46. Kf3 Be7 47. d4 cxd4 48. cxd4 e4+ 49. Kg3 Bd6+ 0-1

[Event "GEO-ch Blitz (Women)"]
[Site "Tbilisi"]
[Date "2023.12.07"]
[Round "10"]
[White "Esadze, Tamari"]
[Black "Arabidze, Meri"]
[Result "0-1"]
[WhiteElo "1944"]
[BlackElo "2462"]
[PlyCount "118"]
[EventDate "2023.12.05"]
[EventType "swiss (blitz)"]
[EventRounds "13"]
[EventCountry "GEO"]
[SourceTitle "CB50_2023"]
[SourceDate "2023.12.13"]
[SourceVersion "1"]
[SourceVersionDate "2023.12.13"]
[SourceQuality "1"]

1. e4 c5 2. Nf3 e6 3. d4 cxd4 4. Nxd4 Nc6 5. Nc3 Qc7 6. a3 a6 7. Be3 Nf6 8. Be2 Be7 9. 0-0 0-0 10. f4 d6 11. Kh1 Nxd4 12. Bxd4 b5 13. Qe1 Bb7 14. Qg3 Rad8 15. Rad1 Ne8 16. Bd3 Bf6 17. e5 dxe5 18. Bxe5 Qb6 19. Ne4 Bxe4 20. Bxe4 g6 21. c3 Bg7 22. Qh4 Nd6 23. Bd3 Nc4 24. Bxc4 bxc4 25. Bxg7 Kxg7 26. f5 exf5 27. Qxc4 Qxb2 28. Rxd8 Rxd8 29. Qc7 Qe2 30. Rg1 Rd2 31. Qf4 h5 32. h3 Ra2 33. Qb4 Rb2 34. Qd4+ Kg8 35. Qd8+ Kh7 36. Qf6 Qe6 37. Qd4 Re2 38. Qf4 Re4 39. Qd2 Re3 40. Qd4 Qe4 41. Qxe4 fxe4 42. Rc1 Rd3 43. Kg1 f5 44. Kf2 Kg7 45. g3 Kf6 46. a4 Ke5 47. c4 Kd6 48. c5+ Kc6 49. g4 hxg4 50. hxg4 f4 51. Rc4 e3+ 52. Ke2 Rd2+ 53. Ke1 g5 54. Re4 Kxc5 55. Re5+ Kd4 56. Rxg5 Ke4 57. Rg7 Kf3 58. g5 Ra2 59. Kd1 e2+ 0-1

[Event "GEO-ch Blitz (Women)"]
[Site "Tbilisi"]
[Date "2023.12.07"]
[Round "13"]
[White "Tqeshelashvili, Sopio"]
[Black "Esadze, Tamari"]
[Result "1-0"]
[WhiteElo "2207"]
[BlackElo "1944"]
[PlyCount "81"]
[EventDate "2023.12.05"]
[EventType "swiss (blitz)"]
[EventRounds "13"]
[EventCountry "GEO"]
[SourceTitle "CB50_2023"]
[SourceDate "2023.12.13"]
[SourceVersion "1"]
[SourceVersionDate "2023.12.13"]
[SourceQuality "1"]

1. e4 c5 2. Nf3 d6 3. Bc4 e6 4. Qe2 Nc6 5. 0-0 Be7 6. c3 Nf6 7. Bb3 0-0 8. d4 cxd4 9. cxd4 d5 10. e5 Ne4 11. Bc2 f5 12. exf6 Nxf6 13. Nc3 Bd6 14. Bg5 h6 15. Bh4 Qe7 16. Rad1 Bd7 17. Rfe1 Qf7 18. Ne5 Bxe5 19. dxe5 Nh5 20. Qg4 g5 21. Nxd5 exd5 22. e6 Bxe6 23. Rxe6 Nf6 24. Qf5 Nd4 25. Rxd4 Rae8 26. Rxe8 Rxe8 27. f3 gxh4 28. Rxh4 Re2 29. Bd3 Rd2 30. Rxh6 Rxd3 31. Qc8+ Ne8 32. Qg4+ Qg7 33. Rg6 Rd1+ 34. Kf2 Rd2+ 35. Kg3 Rxb2 36. Rxg7+ Nxg7 37. Qc8+ Kh7 38. Qd7 b5 39. Qxd5 b4 40. h4 Re2 41. Qd3+ 1-0

[Event "GEO-ch Blitz (Women)"]
[Site "Tbilisi"]
[Date "2023.12.06"]
[Round "7"]
[White "Khurtsilava, Inga"]
[Black "Esadze, Tamari"]
[Result "1-0"]
[WhiteElo "2186"]
[BlackElo "1944"]
[PlyCount "24"]
[EventDate "2023.12.05"]
[EventType "swiss (blitz)"]
[EventRounds "13"]
[EventCountry "GEO"]
[SourceTitle "CB50_2023"]
[SourceDate "2023.12.13"]
[SourceVersion "1"]
[SourceVersionDate "2023.12.13"]
[SourceQuality "1"]

1. Nf3 d5 2. g3 Nf6 3. Bg2 e6 4. 0-0 Be7 5. d3 0-0 6. Nbd2 c5 7. e4 Nc6 8. c3 b6 9. Re1 Bb7 10. e5 Nd7 11. Nf1 b5 12. h4 b4 1-0

[Event "GEO-ch Blitz (Women)"]
[Site "Tbilisi"]
[Date "2023.12.06"]
[Round "5"]
[White "Nikoladze, Sopio"]
[Black "Esadze, Tamari"]
[Result "0-1"]
[WhiteElo "2061"]
[BlackElo "1944"]
[PlyCount "174"]
[EventDate "2023.12.05"]
[EventType "swiss (blitz)"]
[EventRounds "13"]
[EventCountry "GEO"]
[SourceTitle "CB50_2023"]
[SourceDate "2023.12.13"]
[SourceVersion "1"]
[SourceVersionDate "2023.12.13"]
[SourceQuality "1"]

1. d4 d5 2. Nf3 Nf6 3. e3 e6 4. Bd3 Be7 5. Nbd2 0-0 6. 0-0 c5 7. b3 Nc6 8. a3 b6 9. Bb2 Bb7 10. Ne5 Nxe5 11. dxe5 Ne4 12. f4 f5 13. exf6 Bxf6 14. Bxf6 Qxf6 15. Nxe4 dxe4 16. Bc4 Rad8 17. Qe2 Bd5 18. Rad1 Qg6 19. Rfe1 h6 20. Bb5 Qf6 21. c4 Bb7 22. Qc2 Rxd1 23. Rxd1 Rd8 24. Rxd8+ Qxd8 25. b4 Qd6 26. Qc3 Kf8 27. Ba4 Kg8 28. Bc2 Bc6 29. b5 Bb7 30. a4 Kh8 31. a5 bxa5 32. Qxa5 Qb6 33. Qc3 Qd6 34. Kf2 a6 35. Qb3 axb5 36. Qxb5 Qd2+ 37. Kg3 Qxe3+ 38. Kh4 Qxf4+ 39. Kh3 Qf5+ 40. g4 Qf3+ 41. Kh4 g5+ 42. Kh5 Qf7+ 43. Kxh6 Qf6+ 44. Kh5 Qf7+ 45. Kxg5 Qg7+ 46. Kh4 Qh6+ 47. Kg3 Qe3+ 48. Kh4 Qf2+ 49. Kg5 Qd2+ 50. Kf6 Qf4+ 51. Ke7 Qc7+ 52. Kf8 Qg7+ 53. Ke8 Qg8+ 54. Ke7 Qg7+ 55. Kd6 Qf8+ 56. Kc7 Qc8+ 57. Kb6 Ba8 58. Qb2+ Kg8 59. Ka5 Qc7+ 60. Ka4 Qa7+ 61. Kb3 Qb6+ 62. Kc3 Qa5+ 63. Kb3 Qb4+ 64. Ka2 Qxc4+ 65. Kb1 Qf1+ 66. Ka2 Bd5+ 67. Bb3 Qa6+ 68. Kb1 Qd3+ 69. Bc2 Qf1+ 70. Qc1 Qb5+ 71. Qb2 Qxb2+ 72. Kxb2 Kg7 73. Kc3 Kf6 74. Kd2 Kg5 75. h3 Kf4 76. Bd1 e3+ 77. Ke1 c4 78. h4 c3 79. h5 Be4 80. h6 c2 81. Bxc2 Bxc2 82. Ke2 Bg6 83. g5 Kxg5 84. Kxe3 Kxh6 85. Kd4 Bf5 86. Ke5 Kg5 87. Kd6 Kf4 0-1

[Event "Wch U20 Girls Blitz"]
[Site "Pula"]
[Date "2023.10.15"]
[Round "7"]
[White "Esadze, Tamari"]
[Black "Balabayeva, Kseniya"]
[Result "0-1"]
[WhiteElo "1944"]
[BlackElo "2192"]
[PlyCount "100"]
[EventDate "2023.10.14"]
[EventType "swiss (blitz)"]
[EventRounds "11"]
[EventCountry "ITA"]
[SourceTitle "Mega2024 Update 01"]
[Source "Chessbase"]
[SourceDate "2023.11.12"]
[SourceVersion "1"]
[SourceVersionDate "2023.11.12"]
[SourceQuality "1"]

1. e4 c6 2. d4 d5 3. Nc3 dxe4 4. Nxe4 Nf6 5. Ng3 e6 6. Nf3 c5 7. Bb5+ Bd7 8. Bxd7+ Nbxd7 9. 0-0 cxd4 10. Nxd4 Bc5 11. Be3 0-0 12. Qe2 Nd5 13. c4 Nxe3 14. fxe3 Qb6 15. Rad1 Rad8 16. b3 f5 17. Kh1 g6 18. Nc2 Ne5 19. b4 Bxb4 20. Rb1 Rd2 21. Rxb4 Rxe2 22. Rxb6 Rxc2 23. Rxe6 Nxc4 24. Re7 Rf7 25. Re8+ Kg7 26. Rd1 Rxa2 27. h4 Ne5 28. Rxe5 Rb2 29. Re8 Rb4 30. Rdd8 Rxh4+ 31. Kg1 Rb4 32. Kf2 a5 33. Ra8 a4 34. Ne2 b5 35. Nd4 Kf6 36. Re6+ Kg5 37. Nf3+ Kh6 38. Rb6 Rc7 39. Rab8 Rc2+ 40. Kg3 Rg4+ 41. Kh3 Rcxg2 42. Rxb5 R2g3+ 43. Kh2 Rxf3 44. R5b7 Rxe3 45. Rh8 Kg5 46. Rhxh7 a3 47. Rhg7 a2 48. Ra7 Re2+ 49. Kh3 Rb4 50. Ra6 Rb3# 0-1

[Event "Wch U20 Girls Rapid"]
[Site "Pula"]
[Date "2023.10.12"]
[Round "9"]
[White "Esadze, Tamari"]
[Black "Hryzlova, Sofiia"]
[Result "1-0"]
[WhiteElo "1944"]
[BlackElo "2215"]
[PlyCount "51"]
[EventDate "2023.10.10"]
[EventType "swiss (rapid)"]
[EventRounds "11"]
[EventCountry "ITA"]
[SourceTitle "Mega2024 Update 01"]
[Source "Chessbase"]
[SourceDate "2023.11.12"]
[SourceVersion "1"]
[SourceVersionDate "2023.11.12"]
[SourceQuality "1"]

1. e4 c5 2. Nf3 e6 3. d4 cxd4 4. Nxd4 a6 5. Nc3 b5 6. Bd3 Bb7 7. 0-0 Nc6 8. Be3 Nge7 9. Nxc6 Nxc6 10. f4 Be7 11. Qh5 Nb4 12. a3 Nxd3 13. cxd3 d5 14. exd5 Bxd5 15. Rac1 0-0 16. Nxd5 exd5 17. Bd4 Bf6 18. Be5 d4 19. Rf3 g6 20. Qh6 Re8 21. Rh3 Bxe5 22. fxe5 Re6 23. Qxh7+ Kf8 24. Rf1 Qe8 25. Rhf3 f5 26. Rxf5+ 1-0

[Event "GEO-ch (Women) 80th"]
[Site "Tbilisi"]
[Date "2023.02.15"]
[Round "9"]
[White "Esadze, Tamari"]
[Black "Khotenashvili, Bela"]
[Result "0-1"]
[WhiteElo "1981"]
[BlackElo "2485"]
[PlyCount "92"]
[EventDate "2023.02.06"]
[EventType "tourn"]
[EventRounds "9"]
[EventCountry "GEO"]
[SourceTitle "CBM 212 Extra"]
[Source "ChessBase"]
[SourceDate "2023.03.31"]
[SourceVersion "1"]
[SourceVersionDate "2023.03.31"]
[SourceQuality "1"]

1. e4 e5 2. Nf3 Nc6 3. d4 exd4 4. Nxd4 Qf6 5. Be3 Bc5 6. c3 Nge7 7. Bb5 a6 8. Bxc6 Nxc6 9. 0-0 Ne5 10. Nf5 d6 11. Bxc5 dxc5 12. f4 Nc4 13. Qd5 Nxb2 14. Ne3 Na4 15. e5 Qc6 16. Qd1 Bd7 17. Nd5 Rd8 18. c4 Be6 19. Nxc7+ Qxc7 20. Qxa4+ Qc6 21. Nc3 Rd4 22. Qxc6+ bxc6 23. Rab1 0-0 24. Rb6 Rxc4 25. Rc1 Rxf4 26. Rxa6 Rf5 27. Ne4 Bd5 28. Nxc5 Re8 29. Nd3 h5 30. Nb4 Rexe5 31. Nxd5 cxd5 32. Rd6 Re2 33. a4 Rff2 34. Rxd5 Rxg2+ 35. Kf1 Ref2+ 36. Ke1 Ra2 37. Kf1 Rxh2 38. Kg1 g6 39. a5 Rag2+ 40. Kf1 Rh1+ 41. Kxg2 Rxc1 42. Kg3 Rc4 43. a6 Ra4 44. Rd8+ Kg7 45. Ra8 g5 46. Kf3 Kf6 0-1

[Event "GEO-ch (Women) 80th"]
[Site "Tbilisi"]
[Date "2023.02.14"]
[Round "8"]
[White "Batsiashvili, Nino"]
[Black "Esadze, Tamari"]
[Result "1-0"]
[WhiteElo "2493"]
[BlackElo "1981"]
[PlyCount "111"]
[EventDate "2023.02.06"]
[EventType "tourn"]
[EventRounds "9"]
[EventCountry "GEO"]
[SourceTitle "CBM 212 Extra"]
[Source "ChessBase"]
[SourceDate "2023.03.31"]
[SourceVersion "1"]
[SourceVersionDate "2023.03.31"]
[SourceQuality "1"]

1. c4 e6 2. Nf3 d5 3. g3 Nf6 4. Bg2 Be7 5. 0-0 0-0 6. b3 c5 7. cxd5 Nxd5 8. Bb2 Bf6 9. Bxf6 Qxf6 10. Na3 Nc6 11. Rc1 Ndb4 12. Rxc5 Qe7 13. d4 Na6 14. Rxc6 bxc6 15. Nc4 Bb7 16. Na5 Rac8 17. Ne5 Nb4 18. a3 Nd5 19. b4 f6 20. Nd3 Ba6 21. Nc5 Nc3 22. Qd2 Nxe2+ 23. Kh1 Nxg3+ 24. hxg3 Bxf1 25. Bxf1 Kh8 26. Bg2 Qe8 27. Qe2 e5 28. dxe5 fxe5 29. Nc4 Rd8 30. Kg1 e4 31. Bxe4 Rd4 32. Kg2 Qe7 33. Bf3 Qxe2 34. Bxe2 Re8 35. Bd3 Re1 36. Na5 Rc1 37. Nab3 Rxc5 38. Nxc5 a5 39. Kf3 axb4 40. Ke3 Rg4 41. Be2 Rg6 42. axb4 Rd6 43. Bf3 g5 44. g4 Kg7 45. Nb7 Re6+ 46. Be4 Kf6 47. Nd8 Re7 48. Nxc6 Rb7 49. Kd4 Rd7+ 50. Bd5 h5 51. gxh5 Kf5 52. b5 g4 53. b6 Rb7 54. Kc5 Kg5 55. Ne5 Rb8 56. h6 1-0

[Event "GEO-ch (Women) 80th"]
[Site "Tbilisi"]
[Date "2023.02.07"]
[Round "2"]
[White "Esadze, Tamari"]
[Black "Arabidze, Meri"]
[Result "0-1"]
[WhiteElo "1981"]
[BlackElo "2427"]
[PlyCount "116"]
[EventDate "2023.02.06"]
[EventType "tourn"]
[EventRounds "9"]
[EventCountry "GEO"]
[SourceTitle "CBM 212 Extra"]
[Source "ChessBase"]
[SourceDate "2023.03.31"]
[SourceVersion "1"]
[SourceVersionDate "2023.03.31"]
[SourceQuality "1"]

1. e4 c5 2. Nf3 e6 3. d4 cxd4 4. Nxd4 Nc6 5. Nc3 Qc7 6. Be3 a6 7. Be2 Nf6 8. a3 Be7 9. 0-0 0-0 10. f4 d6 11. Qe1 Nxd4 12. Bxd4 b5 13. Qg3 Bb7 14. Rad1 Rad8 15. Kh1 Bc6 16. Bf3 Qb7 17. Rfe1 Ne8 18. Nd5 Kh8 19. Nxe7 Qxe7 20. e5 Bxf3 21. Qxf3 dxe5 22. Bxe5 Nf6 23. h3 Rfe8 24. Qg3 Kg8 25. Bc3 Rxd1 26. Rxd1 g6 27. Bxf6 Qxf6 28. c3 Qf5 29. Qg5 Qxg5 30. fxg5 Rc8 31. Rd6 a5 32. Ra6 a4 33. Ra5 Rc5 34. c4 Rxc4 35. Rxb5 Kg7 36. Kh2 h6 37. gxh6+ Kxh6 38. Rb4 Rc2 39. Kg3 e5 40. Kf3 f5 41. g4 e4+ 42. Kg3 Rd2 43. h4 Rd3+ 44. Kg2 Re3 45. Rxa4 Re2+ 46. Kg3 Rxb2 47. h5 Rb3+ 48. Kg2 Kg5 49. gxf5 gxf5 50. Ra5 Rf3 51. Ra8 Kxh5 52. a4 Kg4 53. a5 Ra3 54. a6 Ra2+ 55. Kg1 Kf3 56. a7 f4 57. Kh1 e3 58. Kg1 e2 0-1

[Event "EU-ch Hybrid U18 Girls"]
[Site "Tornelo INT"]
[Date "2021.10.15"]
[Round "7"]
[White "Esadze, Tamari"]
[Black "Hercog, Nusa"]
[Result "1-0"]
[WhiteElo "1921"]
[BlackElo "1868"]
[PlyCount "81"]
[EventDate "2021.10.15"]
[EventType "swiss"]
[EventRounds "9"]
[EventCountry "NET"]
[SourceTitle "EXT 2023"]
[Source "ChessBase"]
[SourceDate "2022.10.05"]
[SourceVersion "1"]
[SourceVersionDate "2022.10.05"]
[SourceQuality "1"]
[WhiteTeam "Georgia"]
[BlackTeam "Slovenia"]
[WhiteTeamCountry "GEO"]
[BlackTeamCountry "SLO"]

1. e4 c5 2. Nf3 e6 3. g3 Nc6 4. Bg2 e5 5. 0-0 d6 6. c3 Nf6 7. d3 g6 8. Nh4 Bg7 9. f4 exf4 10. Bxf4 Nh5 11. Nf5 Bxf5 12. exf5 0-0 13. Nd2 Nxf4 14. Rxf4 Bh6 15. Rf1 d5 16. Nf3 Qd6 17. Nh4 Rad8 18. Kh1 Ne5 19. Qe2 Rfe8 20. Rae1 Qd7 21. Qd1 c4 22. dxc4 Nxc4 23. Rxe8+ Qxe8 24. Re1 Qd7 25. Qd4 Nxb2 26. h3 b6 27. Kh2 Bf8 28. f6 Qc6 29. Nf3 Qc4 30. Qd2 Na4 31. Ne5 Qxc3 32. Qe2 Nc5 33. Nc6 Rd6 34. Ne7+ Kh8 35. Nxd5 Qa3 36. Qe8 Nd7 37. Qxf7 Qxa2 38. Re8 Rxf6 39. Rxf8+ Nxf8 40. Qxf6+ Kg8 41. Ne7# 1-0

[Event "EU-ch Hybrid U18 Girls"]
[Site "Tornelo INT"]
[Date "2021.10.15"]
[Round "9"]
[White "Esadze, Tamari"]
[Black "Walterova, Ema"]
[Result "0-1"]
[WhiteElo "1921"]
[BlackElo "1911"]
[PlyCount "214"]
[EventDate "2021.10.15"]
[EventType "swiss"]
[EventRounds "9"]
[EventCountry "NET"]
[SourceTitle "EXT 2023"]
[Source "ChessBase"]
[SourceDate "2022.10.05"]
[SourceVersion "1"]
[SourceVersionDate "2022.10.05"]
[SourceQuality "1"]
[WhiteTeam "Georgia"]
[BlackTeam "Slovakia"]
[WhiteTeamCountry "GEO"]
[BlackTeamCountry "SVK"]

1. e4 c5 2. Nf3 Nc6 3. d4 cxd4 4. Nxd4 Nf6 5. Nc3 d6 6. Bg5 g6 7. Bxf6 exf6 8. Qd2 Bg7 9. Ndb5 0-0 10. Be2 f5 11. Rd1 fxe4 12. Nxd6 Qb6 13. Nd5 Qxb2 14. 0-0 Qe5 15. Nc4 Qb8 16. Qg5 Be6 17. Nf6+ Bxf6 18. Qxf6 Rd8 19. h4 Qc7 20. h5 Qe7 21. Qf4 f5 22. Qe3 Rac8 23. h6 b5 24. Na3 a6 25. c4 b4 26. Nc2 a5 27. Nd4 Ne5 28. Nxe6 Qxe6 29. Qa7 Nf7 30. Qxa5 Qe7 31. Rxd8+ Rxd8 32. Rd1 Rxd1+ 33. Bxd1 Nxh6 34. Qd5+ Nf7 35. c5 e3 36. Kf1 exf2 37. Be2 Kf8 38. Qd4 Qe4 39. Qf6 Qe5 40. Qb6 Qc3 41. Kxf2 Qd4+ 42. Kf1 Ng5 43. Qb8+ Kg7 44. Qc7+ Kh6 45. Qh2+ Kg7 46. Qc7+ Kf6 47. Qb6+ Ne6 48. Qb8 Qxc5 49. g3 h5 50. Qh8+ Kf7 51. Qh7+ Ng7 52. Qh6 Qc3 53. Qf4 Ne6 54. Bc4 Kf6 55. Bxe6 Kxe6 56. Qf2 Qa1+ 57. Kg2 Qc3 58. Qb6+ Kf7 59. Qa7+ Kf6 60. Qb6+ Kg7 61. Qa7+ Kh6 62. Qa8 Qc2+ 63. Kh3 Qc3 64. Qf8+ Kh7 65. Qe7+ Kg8 66. Qe8+ Kh7 67. Qe7+ Qg7 68. Qxb4 Qd7 69. a4 f4+ 70. Kh2 fxg3+ 71. Kxg3 g5 72. a5 h4+ 73. Kh2 Qc7+ 74. Kh1 Qc1+ 75. Kg2 Qc2+ 76. Kf1 Qd3+ 77. Kf2 Qg3+ 78. Ke2 Qg2+ 79. Ke3 Qg1+ 80. Ke2 Qh2+ 81. Ke3 h3 82. Qe7+ Kg6 83. Qe6+ Kh5 84. Qf7+ Kg4 85. Qf3+ Kh4 86. Qf2+ Qg3+ 87. Ke2 h2 88. Qf6 Qg2+ 89. Ke3 Qg1+ 90. Ke2 Qg4+ 91. Kf2 Qg3+ 92. Ke2 Qg4+ 93. Kf2 Qg1+ 94. Ke2 h1Q 95. Qh6+ Kg4 96. Qe6+ Kf4 97. Qf6+ Ke4 98. Qe6+ Kd4 99. Qb6+ Ke5 100. Qc7+ Ke6 101. Qc8+ Kd5 102. Qb7+ Kc4 103. Qa6+ Kb4 104. Qd6+ Qc5 105. Qd2+ Kb5 106. Qb2+ Ka6 107. Qf6+ Qhc6 0-1

[Event "EU-ch Hybrid U18 Girls"]
[Site "Tornelo INT"]
[Date "2021.10.15"]
[Round "1"]
[White "Levitan, Ronit"]
[Black "Esadze, Tamari"]
[Result "1/2-1/2"]
[WhiteElo "2171"]
[BlackElo "1921"]
[PlyCount "136"]
[EventDate "2021.10.15"]
[EventType "swiss"]
[EventRounds "9"]
[EventCountry "NET"]
[SourceTitle "EXT 2023"]
[Source "ChessBase"]
[SourceDate "2022.10.05"]
[SourceVersion "1"]
[SourceVersionDate "2022.10.05"]
[SourceQuality "1"]
[WhiteTeam "Israel"]
[BlackTeam "Georgia"]
[WhiteTeamCountry "ISR"]
[BlackTeamCountry "GEO"]

1. e4 c5 2. c3 Nf6 3. e5 Nd5 4. d4 cxd4 5. cxd4 d6 6. Nf3 Nc6 7. Bc4 Nb6 8. Bb5 dxe5 9. Nxe5 Bd7 10. Nxd7 Qxd7 11. Nc3 e6 12. 0-0 Be7 13. Qg4 0-0 14. Bh6 Bf6 15. Bxc6 bxc6 16. Rfd1 Nd5 17. Ne4 Qe7 18. Rac1 Kh8 19. Bg5 Bxg5 20. Qxg5 Rab8 21. Qxe7 Nxe7 22. b3 Rfd8 23. Rc4 e5 24. Ng5 Kg8 25. Nf3 e4 26. Re1 Nf5 27. Nd2 Nxd4 28. Nxe4 f5 29. Nc5 Kf7 30. Kf1 Rd5 31. f4 Re8 32. Rxe8 Kxe8 33. a4 Ke7 34. Kf2 Rd6 35. Nb7 Rd5 36. Nc5 Rd6 37. Nb7 Rd5 38. b4 Ne6 39. Rxc6 Rd4 40. b5 Rxf4+ 41. Ke3 Re4+ 42. Kd2 Nf4 43. Rc7+ Kf6 44. g3 Ne6 45. Rc6 Ke7 46. a5 Rb4 47. b6 axb6 48. a6 Ra4 49. Rxb6 Nc7 50. Nc5 Ra5 51. Rc6 Nd5 52. Nb3 Ra2+ 53. Ke1 Nb4 54. Rc7+ Kd6 55. Rxg7 Rxa6 56. Rxh7 Ra2 57. Nd2 Ke5 58. Ke2 Nd5 59. h4 Nf6 60. Re7+ Kd6 61. Re3 Ne4 62. Rd3+ Ke5 63. Ke1 Ra1+ 64. Ke2 Nxd2 65. Rxd2 f4 66. Kf3 Ra3+ 67. Kf2 fxg3+ 68. Kg2 Kf5 1/2-1/2